The carnotite prospects of the Craven Canyon area, Fall River County, South Dakota, (Record no. 28639)
[ view plain ]
| 000 -LEADER | |
|---|---|
| fixed length control field | 00828cam a22002411 4500 |
| 001 - CONTROL NUMBER | |
| control field | gs 52000136 |
| 003 - CONTROL NUMBER IDENTIFIER | |
| control field | DLC |
| 005 - DATE AND TIME OF LATEST TRANSACTION | |
| control field | 20260227111358.0 |
| 008 - FIXED-LENGTH DATA ELEMENTS--GENERAL INFORMATION | |
| fixed length control field | 850715s1952 xx b 000 0 eng c |
| 010 ## - LIBRARY OF CONGRESS CONTROL NUMBER | |
| LC control number | gs 52000136 |
| 035 ## - SYSTEM CONTROL NUMBER | |
| System control number | (OCoLC)12263319 |
| 040 ## - CATALOGING SOURCE | |
| Original cataloging agency | U.S. Geol. Survey. Libr. |
| Transcribing agency | NhD |
| Modifying agency | DLC |
| 050 00 - LIBRARY OF CONGRESS CALL NUMBER | |
| Classification number | QE75 |
| Item number | .C5 no. 175 |
| 082 ## - DEWEY DECIMAL CLASSIFICATION NUMBER | |
| Classification number | 553.49 |
| 100 1# - MAIN ENTRY--PERSONAL NAME | |
| Personal name | Page, Lincoln R. |
| Fuller form of name | (Lincoln Ridler), |
| Dates associated with a name | 1910- |
| 245 14 - TITLE STATEMENT | |
| Title | The carnotite prospects of the Craven Canyon area, Fall River County, South Dakota, |
| Statement of responsibility, etc. | by L.R. Page and J.A. Redden. |
| 260 ## - PUBLICATION, DISTRIBUTION, ETC. | |
| Place of publication, distribution, etc. | Washington, |
| Date of publication, distribution, etc. | 1952. |
| 300 ## - PHYSICAL DESCRIPTION | |
| Extent | iii, 18 p. |
| Other physical details | map (1 fold.) |
| Dimensions | 27 cm. |
| 490 1# - SERIES STATEMENT | |
| Series statement | Geological Survey circular |
| Volume/sequential designation | 175 |
| 650 #0 - SUBJECT ADDED ENTRY--TOPICAL TERM | |
| Topical term or geographic name entry element | Carnotite. |
| 700 1# - ADDED ENTRY--PERSONAL NAME | |
| Personal name | Redden, Jack A. |
| Fuller form of name | (Jack Allison), |
| Dates associated with a name | 1926- |
| Relator term | joint author. |
| 810 2# - SERIES ADDED ENTRY--CORPORATE NAME | |
| Corporate name or jurisdiction name as entry element | Geological Survey (U.S.). |
| Title of a work | Circular ; |
| Volume/sequential designation | 175. |
No items available.